000 00722cab a2200241 4500
001 WB3115-16
008 090401t1995 xxu||||| |||| 00| 0 eng d
035 _a(Sirsi) u51823
041 _aeng
245 _aSunday trading effects
260 _c1995
350 _a0
490 _aProperty Week
_v51(2) 13 April 1995, 10(1)
520 _aHigh street shop rents have been severely hit by the success of Sunday trading in out-of-town stores, according to research by Hillier Parker.
650 _aHILLIER PARKER
650 _aRENTS
650 _aRETAIL
650 _aSHOPPING CENTRES
650 _aSUNDAY TRADING
690 _aPROPERTY-COMMERCIAL PROPERTY-RETAIL PROPERTY
942 _n0
948 _c04/03/1997
999 _c32153
_d32153